Sharjah Art Foundation Library

Black Friday/ (Record no. 6540)

MARC details
000 -LEADER
fixed length control field 01356nam a2200181Ia 4500
001 - CONTROL NUMBER
control field 6540
008 - FIXED-LENGTH DATA ELEMENTS--GENERAL INFORMATION
fixed length control field 260430s9999 xx 000 0 und d
245 #0 - TITLE STATEMENT
Title Black Friday/
Statement of responsibility, etc. Kent Klich in collaboration with Amnesty International and Forensic Architecture
260 ## - PUBLICATION, DISTRIBUTION, ETC.
Name of publisher, distributor, etc. KEHRER;
Date of publication, distribution, etc. 2015
300 ## - PHYSICAL DESCRIPTION
Extent 90p;
Dimensions 16x12cm
520 ## - SUMMARY, ETC.
Summary, etc. Black Friday documents one of the deadliest days for Gaza — August 1st, when over 130 Palestinians, mostly civilians, were killed by Israeli forces in Rafah. The violence followed the suspected abduction of an Israeli soldier, triggering the controversial “Hannibal procedure,” a military protocol that unleashed intense bombardment with over 2,000 bombs and shells in a single day, leaving no time to evacuate civilians. This event was part of Operation Protective Edge, a 50-day Israeli military campaign that killed over 2,000 Palestinians, including 539 children, and caused widespread destruction. After Gaza Photo Album (2009) and Killing Time (2013), Black Friday is the third part of the artists Kent Klich's ongoing depiction of life in Gaza. Text: Kent Klich, Amnesty International and Forensic Architecture.
546 ## - LANGUAGE NOTE
Language note English
650 ## - SUBJECT ADDED ENTRY--TOPICAL TERM
Topical term or geographic name entry element Israeli Occupation
9 (RLIN) 5811
650 ## - SUBJECT ADDED ENTRY--TOPICAL TERM
Topical term or geographic name entry element TR624-835 Technology- Applied Photography
651 ## - SUBJECT ADDED ENTRY--GEOGRAPHIC NAME
Geographic name Palestine
Geographic subdivision Gaza
9 (RLIN) 3379
655 ## - INDEX TERM--GENRE/FORM
Genre/form data or focus term Documentary
9 (RLIN) 9374
942 ## - ADDED ENTRY ELEMENTS (KOHA)
Koha item type Book
Holdings
Withdrawn status Lost status Damaged status Not for loan Collection Home library Current library Date acquired Total Checkouts Full call number Barcode Date last seen Price effective from Koha item type
        Technology- Photography, Cinematography, Electronic Media SAF Reference Library Photography Gallery 04/27/2026   TR624-835 160.269 6540 04/30/2026 04/30/2026 Book

Copyright © 2022. Sharjah Art Foundation. All Rights Reserved.